Sports Quiz

Random Sports or NHL Quiz

NHL Point Scoring Leaders Quiz Stats

Quiz Updated Apr 30, 2018

Challenge
Share
Tweet
Embed
Score 0/100 Timer 08:00
10 Plays Today
Year Player % Correct
1980-81Wayne Gretzky
97.6%
1981-82Wayne Gretzky
97.6%
1982-83Wayne Gretzky
97.6%
1983-84Wayne Gretzky
97.6%
1984-85Wayne Gretzky
97.6%
1985-86Wayne Gretzky
97.6%
1986-87Wayne Gretzky
97.6%
1989-90Wayne Gretzky
97.6%
1990-91Wayne Gretzky
97.6%
1993-94Wayne Gretzky
97.6%
2006-07Sidney Crosby
96.2%
2013-14Sidney Crosby
95.9%
1987-88Mario Lemieux
93.2%
1988-89Mario Lemieux
93.2%
1991-92Mario Lemieux
93.2%
1992-93Mario Lemieux
93.2%
1995-96Mario Lemieux
93.2%
1996-97Mario Lemieux
93.2%
2007-08Alexander Ovechkin
93%
2015-16Patrick Kane
91.4%
2011-12Evgeni Malkin
89.9%
1994-95Jaromir Jagr
88.5%
1997-98Jaromir Jagr
88.5%
1998-99Jaromir Jagr
88.5%
1999-00Jaromir Jagr
88.5%
2000-01Jaromir Jagr
88.5%
2017-18Connor McDavid
88.3%
2016-17Connor McDavid
88%
2008-09Evgeni Malkin
87.8%
1969-70Bobby Orr
85.1%
1974-75Bobby Orr
85.1%
2005-06Joe Thornton
83%
2012-13Martin St. Louis
82.9%
2003-04Martin St. Louis
82.6%
Year Player % Correct
2001-02Jarome Iginla
82%
1950-51Gordie Howe
81.6%
1951-52Gordie Howe
81.6%
1952-53Gordie Howe
81.6%
1953-54Gordie Howe
81.6%
1956-57Gordie Howe
81.6%
1962-63Gordie Howe
81.6%
2014-15Jamie Benn
81.1%
2002-03Peter Forsberg
77.6%
1959-60Bobby Hull
73.9%
1961-62Bobby Hull
73.9%
1965-66Bobby Hull
73.9%
1968-69Phil Esposito
66.4%
1970-71Phil Esposito
66.4%
1971-72Phil Esposito
66.4%
1972-73Phil Esposito
66.4%
1973-74Phil Esposito
66.4%
1975-76Guy Lafleur
63.2%
1976-77Guy Lafleur
63.2%
1977-78Guy Lafleur
63.2%
2009-10Henrik Sedin
61.2%
1963-64Stan Mikita
57.8%
1964-65Stan Mikita
57.8%
1966-67Stan Mikita
57.8%
1967-68Stan Mikita
57.8%
1979-80Marcel Dionne
52.4%
1978-79Bryan Trottier
52.1%
1955-56Jean Beliveau
42.4%
2010-11Daniel Sedin
42.1%
1954-55Bernie Geoffrion
27.5%
1960-61Bernie Geoffrion
27.5%
1949-50Ted Lindsay
26.6%
1927-28*Howie Morenz
25.3%
1930-31*Howie Morenz
25.3%
Year Player % Correct
1938-39*Toe Blake
19.4%
1917-18*Joe Malone
18.2%
1919-20*Joe Malone
18.2%
1957-58Dickie Moore
16.7%
1958-59Dickie Moore
16.7%
1933-34*Charlie Conacher
13.4%
1934-35*Charlie Conacher
13.4%
1948-49Roy Conacher
13.3%
1944-45*Elmer Lach
13.3%
1947-48Elmer Lach
13.3%
1939-40*Milt Schmidt
12.4%
1920-21*Newsy Lalonde
10.6%
1942-43*Doug Bentley
10.1%
1945-46*Max Bentley
10.1%
1946-47*Max Bentley
10.1%
1931-32*Busher Jackson
9%
1925-26*Nels Stewart
7.8%
1923-24*Cy Denneny
7.3%
1926-27*Bill Cook
7.1%
1932-33*Bill Cook
7.1%
1928-29*Ace Bailey
7%
1922-23*Babe Dye
6.6%
1924-25*Babe Dye
6.5%
1941-42*Bryan Hextall
6%
1940-41*Bill Cowley
5.7%
1918-19*Odie Cleghorn
5.4%
1929-30*Cooney Weiland
4.6%
1935-36*Sweeney Schriner
4.5%
1936-37*Sweeney Schriner
4.5%
1937-38*Gordie Drillon
4.2%
1921-22*Punch Broadbent
4%
1943-44*Herbie Cain
3.5%

You're not logged in!

Compare scores with friends on all Sporcle quizzes.
Join for Free
OR
Log In

You Might Also Like...

Show Comments

Extras

Top Quizzes Today


Score Distribution

Your Account Isn't Verified!

In order to create a playlist on Sporcle, you need to verify the email address you used during registration. Go to your Sporcle Settings to finish the process.

Report this User

Report this user for behavior that violates our Community Guidelines.

Details: